Central Library OPAC University of Rajshahi

The termination and revision of treaties in the light of new customary international law / (Record no. 4303)

MARC details
000 -LEADER
fixed length control field 01163cam a2200301 a 4500
001 - CONTROL NUMBER
control field 4303
003 - CONTROL NUMBER IDENTIFIER
rucl marc code BD-RjUL
005 - DATE AND TIME OF LATEST TRANSACTION
control field 20211208233853.0
008 - FIXED-LENGTH DATA ELEMENTS--GENERAL INFORMATION
fixed length control field 131222s1994 enk b 001 0 eng
020 ## - INTERNATIONAL STANDARD BOOK NUMBER
International Standard Book Number 0198258429 (acidfree paper)
035 ## - SYSTEM CONTROL NUMBER
System control number (BD-RjUL)4338
040 ## - CATALOGING SOURCE
Original cataloging agency DLC
Transcribing agency DLC
Modifying agency DLC
-- BD-RjUL
Language of cataloging eng
041 ## - LANGUAGE CODE
Language code of text/sound track or separate title eng
082 00 - DEWEY DECIMAL CLASSIFICATION NUMBER
Classification number 341.37
Edition number 20
Author mark and year KOT 1994
100 1# - MAIN ENTRY--PERSONAL NAME
Personal name Kontou, Nancy.
9 (RLIN) 13631
245 14 - TITLE STATEMENT
Title The termination and revision of treaties in the light of new customary international law /
Statement of responsibility, etc. Nancy Kontou.
260 ## - PUBLICATION, DISTRIBUTION, ETC. (IMPRINT)
Place of publication, distribution, etc. Oxford :
Name of publisher, distributor, etc. Clarendon Press ;
Place of publication, distribution, etc. New York :
Name of publisher, distributor, etc. Oxford University Press,
Date of publication, distribution, etc. c1994.
300 ## - PHYSICAL DESCRIPTION
Pagination xvii, 169 p. ;
Size 24 cm.
500 ## - GENERAL NOTE
General note Revision of the author's thesis (doctoral--University of Cambridge, England, 1990).
504 ## - BIBLIOGRAPHY, ETC. NOTE
Bibliography, etc Includes bibliographical references (p. [158]-166) and index.
650 #0 - SUBJECT ADDED ENTRY--TOPICAL TERM
Topical term or geographic name as entry element Treaties
General subdivision Termination.
9 (RLIN) 13633
Topical term or geographic name as entry element Customary law, International.
9 (RLIN) 13634
856 42 - ELECTRONIC LOCATION AND ACCESS
Materials specified Publisher description
Uniform Resource Identifier <a href="http://www.loc.gov/catdir/enhancements/fy0603/94018804-d.html">http://www.loc.gov/catdir/enhancements/fy0603/94018804-d.html</a>
942 ## - ADDED ENTRY ELEMENTS (KOHA)
Source of classification or shelving scheme Dewey Decimal Classification
Koha item type Books
Holdings
Lost status Source of classification or shelving scheme Damaged status Not for loan Collection code Permanent Location Current Location Shelving location Date acquired Source of acquisition Cost, normal purchase price Total Checkouts Full call number Date last seen Copy number Koha item type
  Dewey Decimal Classification     Non-fiction Central Library, University of Rajshahi Central Library, University of Rajshahi   05/10/2005 Dhaka Paragon Enterprise Ltd. 62.50   341.37 KOT 1994 22/12/2013 C-2 Books
  Dewey Decimal Classification   Not For Loan Non-fiction Central Library, University of Rajshahi Central Library, University of Rajshahi Reading Room 05/10/2005 Paragogn Enterprise, Dhaka 62.50   341.37 KOT 1994 26/12/2016 C-1 Books